|
|
|
|
| LEADER |
00000nam0a2200000 4500 |
| 001 |
343966 |
| 005 |
20240122152256.0 |
| 010 |
|
|
|a 5894281237
|
| 035 |
|
|
|a (RuTPU)RU\TPU\book\374847
|
| 090 |
|
|
|a 343966
|
| 100 |
|
|
|a 20191129d2003 m y0rusy50 ca
|
| 101 |
0 |
|
|a rus
|
| 102 |
|
|
|a RU
|
| 105 |
|
|
|a y j 001zy
|
| 200 |
1 |
|
|a Государственное регулирование национальной экономики
|e учебное пособие
|f З. Г. Антонова, С. А. Астапенко, О. С. Селевич
|g Томский государственный педагогический университет
|
| 210 |
|
|
|a Томск
|c Изд-во ТГПУ
|d 2003
|
| 215 |
|
|
|a 180 с.
|
| 320 |
|
|
|a Библиогр.: с. 173-174
|
| 320 |
|
|
|a Глоссарий: с. 175-179
|
| 330 |
|
|
|a В учебном пособии рассмотрены основные важнейшие аспекты и инструменты макроэкономического регулирования национальной экономики России на основе современных научно-методических работ и трудов отечественных и зарубежных ученых, по данной проблеме. Обсуждаются объективные основы усиления государственного регулирования национальной экономики, эволюция экономических функций государства, и некоторые новые тенденции в его экономическом поведении современного периода. Рассмотрены конкретные направления и формы государственного регулирования национальной экономики (методы поддержки конкурентной среды и антимонопольное регулирование, peгулирование корпоративного бизнеса, воздействие на рыночный механизм через государственные расходы и налоги, принципы проведения и инструментарий инвестиционной, фискальной и монетарной политики и др.). Пособие предназначено для студентов очного и заочного обучения Томского государственного педагогического университета, обучающихся по специальностям 061100 - менеджмент организации и 060700 - национальная экономика.
|
| 606 |
1 |
|
|a Рыночная экономика
|x Переход к рынку
|2 stltpush
|3 (RuTPU)RU\TPU\subj\36889
|
| 606 |
1 |
|
|a Государственное регулирование экономики
|y Россия
|2 stltpush
|3 (RuTPU)RU\TPU\subj\36067
|9 57578
|
| 610 |
1 |
|
|a экономика
|
| 610 |
1 |
|
|a национальная экономика
|
| 610 |
1 |
|
|a смешанная экономика
|
| 610 |
1 |
|
|a макроэкономическая политика
|
| 610 |
1 |
|
|a Россия
|
| 610 |
1 |
|
|a США
|
| 610 |
1 |
|
|a Западная Европа
|
| 610 |
1 |
|
|a антимонопольное регулирование
|
| 610 |
1 |
|
|a государственные экономические программы
|
| 610 |
1 |
|
|a конкурентные среды
|
| 610 |
1 |
|
|a государственные расходы
|
| 610 |
1 |
|
|a налоговая система
|
| 610 |
1 |
|
|a инвестиционная политика
|
| 610 |
1 |
|
|a фискальная политика
|
| 610 |
1 |
|
|a монетарная политика
|
| 610 |
1 |
|
|a социальные программы
|
| 610 |
1 |
|
|a валютные интервенции
|
| 610 |
1 |
|
|a экспортные тарифы
|
| 610 |
1 |
|
|a квотирование
|
| 610 |
1 |
|
|a внешняя торговля
|
| 610 |
1 |
|
|a макроэкономическое регулирование
|
| 610 |
1 |
|
|a национальное счетоводство
|
| 610 |
1 |
|
|a лицензирование
|
| 610 |
1 |
|
|a интеграционное сотрудничество
|
| 610 |
1 |
|
|a СНГ
|
| 610 |
1 |
|
|a учебные пособия
|
| 610 |
1 |
|
|a труды учёных ТПУ
|
| 686 |
|
|
|a У011.31я73
|2 rubbk
|
| 686 |
|
|
|a У9(2)0-18я73
|2 rubbk
|
| 700 |
|
1 |
|a Антонова
|b З. Г.
|c экономист
|c доцент Томского политехнического университета, кандидат экономических наук
|f 1947-
|g Зоя Георгиевна
|3 (RuTPU)RU\TPU\pers\25988
|
| 701 |
|
1 |
|a Астапенко
|b С. А.
|g Светлана Александровна
|
| 701 |
|
1 |
|a Селевич
|b О. С.
|c экономист
|c доцент Томского политехнического университета, кандидат экономических наук
|f 1977-
|g Ольга Семеновна
|3 (RuTPU)RU\TPU\pers\25441
|9 11383
|
| 712 |
0 |
2 |
|a Томский государственный педагогический университет
|c (1995- )
|3 (RuTPU)RU\TPU\col\40
|9 23146
|
| 801 |
|
1 |
|a RU
|b 63413507
|c 20191129
|
| 801 |
|
2 |
|a RU
|b 63413507
|c 20200603
|g RCR
|
| 942 |
|
|
|c BK
|